000 00339pam a2200157a 44500
008 230515b1901 xxu||||| |||| 00| 0 eng d
020 _a0
041 _aENGLISH
082 _a0 YAD
100 _aYADAVA SHARMANNA
245 _aMADHAVANIDANM [ SANSKRUT]
250 _a0
260 _aNULL
_bN.D.
_c1901
300 _a0
650 _aN.D.
999 _c483533
_d483533